Normal view
MARC view
- Niaz, Muhammad Tabish
Entry Personal Name
001 - CONTROL NUMBER
- control field: 121586
003 - CONTROL NUMBER IDENTIFIER
- control field: NUST
005 - DATE AND TIME OF LATEST TRANSACTION
- control field: 20240228105948.0
008 - FIXED-LENGTH DATA ELEMENTS
- fixed length control field: 240228|| aca||aabn | a|a d
040 ## - CATALOGING SOURCE
- Original cataloging agency: NUST
- Transcribing agency: NUST
100 ## - HEADING--PERSONAL NAME
- Personal name: Niaz, Muhammad Tabish
670 ## - SOURCE DATA FOUND
- Source citation: Work cat.: (NUST): Niaz, Muhammad Tabish , Passive Source Localization of Randomly Distributed Nodes in Wireless Sensor Networks/ , 2012
